Statistics for Taylor Swift Songs Starting with H

Click here to take the quiz!

General Stats

  • This quiz has been taken 218 times
  • The average score is 5 of 9

Answer Stats

Song% Correct
How You Get The Girl
74%
happiness
72%
hoax
70%
Haunted
68%
Hey Stephen (Taylor's Version)
56%
Holy Ground (Taylor's Version)
56%
High Infidelity
45%
Hits Different
41%
Highway Don't Care (Tim McGraw ft. Taylor Swift)
22%

Score Distribution

Percentile by Number Answered

Percent of People with Each Score

Your Score History

You have not taken this quiz